| 000 | 01351nam0a22002891 4500 | ||
|---|---|---|---|
| 001 | rc\3378127 | ||
| 005 | 20130115153705.4 | ||
| 021 |
_aRU _b[70-44964] |
||
| 035 | _a(NLR Aleph) 007532840 | ||
| 090 |
_a7760316 _c7760316 |
||
| 100 | _a20130115d1970 |||y0rusy50 ca | ||
| 101 | 0 | _arus | |
| 102 | _aRU | ||
| 105 | _aa z ||||| | ||
| 200 | 1 |
_aСовершенствование производства на предприятиях мясной промышленности Армении _e[Обзор] _fМ-во мясной и молочной пром-сти СССР. Центр. науч.-исслед. ин-т информации и техн. экон. исследований |
|
| 210 |
_aМосква _cБ. и. _d1970 |
||
| 215 |
_a17 с. _cчерт. _d20 |
||
| 300 | _aАвт. указаны на обороте тит. л. | ||
| 606 |
_aМясное производство _xМеханизация _2psbo |
||
| 700 | 1 |
_aАветиков _bГ. М. |
|
| 701 | 1 |
_aБакунц _bГ. В. |
|
| 712 | 0 | 2 |
_aЦНИИ информации и технико-экономических исследований Министерства мясной и молочной промышленности СССР _3RU\NLR\AUTH\8810026384 |
| 801 | 0 |
_aRU _bNLR _gpsbo |
|
| 801 | 1 |
_aRU _bELAR _2rusmarc |
|
| 852 |
_aNLR _j70-4/9855 |
||
| 942 | _cBOOK | ||
| 980 | _aNB | ||